Statistics for Female Names in Movie Titles

Click here to take the quiz!

General Stats

  • This quiz has been taken 112 times
    (61 since last reset)
  • The average score is 21 of 40

Answer Stats

YearMovie% Correct
1951{Alice} in Wonderland
98%
2001{Bridget} Jones's Diary
91%
1989When Harry Met {Sally}
91%
2001{Lara} Croft: Tomb Raider
89%
1999{Joan} of Arc
88%
1998There's Something About {Mary}
88%
2008Forgetting {Sarah} Marshall
81%
1996{Sabrina} the Teenage Witch
81%
2000{Erin} Brockovich
77%
1950All About {Eve}
75%
1989Driving Miss {Daisy}
75%
1985Desperately Seeking {Susan}
74%
1986{Rosemary}'s Baby
74%
1977{Annie} Hall
72%
1988A Fish Called {Wanda}
70%
2004Along Came {Polly}
63%
2004{Ella} Enchanted
61%
1997Chasing {Amy}
58%
1999{Anna} and the King
56%
1986{Hannah} and Her Sisters
53%
2009500 Days of {Summer}
51%
2005The Exorcism of {Emily} Rose
42%
1997{Jackie} Brown
40%
2017I, {Tonya}
39%
1990La Femme {Nikita}
39%
2009The Young {Victoria}
39%
2007Becoming {Jane}
37%
2016Finding {Dory}
37%
1965The Sons of {Katie} Elder
35%
1998Run {Lola} Run
33%
2000Saving {Grace}
30%
2001Le fabuleux destin d'{Amelie} Poulain
25%
2010Letters to {Juliet}
23%
2017My Cousin {Rachel}
23%
2004Being {Julia}
18%
1992{Jennifer} Eight
18%
2003{Veronica} Guerin
12%
2020Quo vadis, {Aida}?
7%
2001Sex and {Lucia}
7%
2006Loving {Annabelle}
5%

Score Distribution

Percentile by Number Answered

Percent of People with Each Score

Your Score History

You have not taken this quiz since the last reset